000 00503nam a2200181 a 4500
001 2969
003 CO-ViMGA
008 141112s2004 ck r 000 u spa d
040 _aCO-ViMGA
_bspa
_cCO-ViMGA
082 0 4 _a651.75 B765
100 1 _aBrondo de Estrada, Alicia
_952207
245 1 0 _aManual bilingue de correspondencia para secretarias
250 _a2a
260 _aMexico :
_bLimusa,
_c1994
650 1 4 _aCORRESPONDENCIA
_952208
650 1 4 _aINGLES - CORRESPONDENCIA
_952209
942 _2ddc
_cBK
999 _c15034
_d15034